[Event "9.Open Internacional de Sants"]
[Site "Barcelona ESP"]
[Date "2007.08.28"]
[Round "5.6"]
[White "Vila Gazquez, Javier"]
[Black "Narciso Dublan, Marc"]
[Result "1-0"]
[WhiteElo "2429"]
[BlackElo "2552"]
[PlyCount "109"]
[EventDate "2007.08.24"]
[EventType "swiss"]
[EventRounds "10"]
[EventCountry "ESP"]
[Source "lmi"]
[SourceDate "2007.08.24"]

1. e4 e6 2. d4 d5 3. Nc3 Bb4 4. e5 c5 5. a3 Bxc3+ 6. bxc3 Ne7 7. Qg4 Kf8 8. Nf3
Qa5 9. Bd2 Qa4 10. Rc1 b6 11. h4 h6 12. h5 Ba6 13. Bxa6 Nxa6 14. Nh4 cxd4 15.
Rh3 Nc5 16. cxd4 Ne4 17. Rf3 Qxd4 18. Bb4 Kg8 19. Qf4 Nf5 20. Nxf5 exf5 21.
Qxf5 Ng5 22. Rf4 Qb2 23. Rd1 Re8 24. Rxd5 f6 25. Rfd4 Qxd4 26. Rxd4 Rxe5+ 27.
Qxe5 fxe5 28. Rd7 Kh7 29. Rxa7 Rc8 30. Kd1 Ne4 31. f3 Ng3 32. Re7 Nxh5 33. Rxe5
Nf4 34. g3 Rd8+ 35. Ke1 Nd5 36. c4 Nxb4 37. axb4 Rd4 38. Re4 Rd3 39. Ke2 Rc3
40. b5 h5 41. Rd4 g6 42. Rd7+ Kh6 43. Rc7 Kg5 44. Rc6 Kf5 45. g4+ Kg5 46. gxh5
gxh5 47. Kd2 Rxf3 48. Rxb6 Rf8 49. Re6 h4 50. Re1 h3 51. Kc3 h2 52. b6 Kf5 53.
c5 Rh8 54. b7 Rh3+ 55. Kc2 1-0

[Event "9.Open Internacional de Sants"]
[Site "Barcelona ESP"]
[Date "2007.08.28"]
[Round "5.7"]
[White "Moser, Eva"]
[Black "Marin, Mihail"]
[Result "1/2-1/2"]
[WhiteElo "2424"]
[BlackElo "2533"]
[PlyCount "68"]
[EventDate "2007.08.24"]
[EventType "swiss"]
[EventRounds "10"]
[EventCountry "ESP"]
[Source "lmi"]
[SourceDate "2007.08.24"]

1. e4 e5 2. Nf3 Nc6 3. d4 d6 4. dxe5 Nxe5 5. Nxe5 dxe5 6. Qxd8+ Kxd8 7. Bc4 f6
8. Be3 Bd6 9. Nc3 c6 10. O-O-O Kc7 11. Rd3 Ne7 12. Rhd1 Bb4 13. a3 Bxc3 14.
Rxc3 b6 15. Rcd3 Ng6 16. a4 Re8 17. f3 Re7 18. a5 Nf4 19. Bxf4 exf4 20. g3 fxg3
21. hxg3 f5 22. exf5 Bxf5 23. Rc3 Rf8 24. axb6+ axb6 25. Bd3 h5 26. Bxf5 Rxf5
27. Ra3 Kb7 28. f4 h4 29. gxh4 Rxf4 30. Rad3 Re2 31. R3d2 Rxd2 32. Rxd2 Rg4 33.
Rh2 Ka6 34. h5 Kb5 1/2-1/2

[Event "9.Open Internacional de Sants"]
[Site "Barcelona ESP"]
[Date "2007.08.28"]
[Round "5.8"]
[White "Panelo, Marcelo"]
[Black "Luther, Thomas"]
[Result "1-0"]
[WhiteElo "2382"]
[BlackElo "2529"]
[PlyCount "77"]
[EventDate "2007.08.24"]
[EventType "swiss"]
[EventRounds "10"]
[EventCountry "ESP"]
[Source "lmi"]
[SourceDate "2007.08.24"]

1. d4 e6 2. c4 d5 3. Nf3 Nf6 4. Bg5 dxc4 5. Qa4+ Nbd7 6. e4 c6 7. Qxc4 h6 8.
Bxf6 Nxf6 9. Nbd2 Be7 10. Bd3 O-O 11. Rc1 Bd7 12. Bb1 Nh7 13. e5 Re8 14. Qd3
Nf8 15. O-O Qb6 16. Nc4 Qa6 17. Nfd2 c5 18. dxc5 Bxc5 19. Ne4 Rec8 20. Nf6+
gxf6 21. Qg3+ Kh8 22. exf6 Ng6 23. Bxg6 e5 24. Qh4 Bf8 25. Bb1 Qc6 26. Rc3 Qd5
27. Ne3 Qd4 28. Qh5 Be6 29. Nf5 Qd2 30. Ne3 Rxc3 31. bxc3 Qxc3 32. Ng4 Qd2 33.
Nxe5 Kg8 34. Nxf7 Bxf7 35. Qf5 Bb4 36. Qh7+ Kf8 37. Qh8+ Bg8 38. Bg6 Qg5 39.
Qg7# 1-0

[Event "9.Open Internacional de Sants"]
[Site "Barcelona ESP"]
[Date "2007.08.28"]
[Round "5.9"]
[White "Antoli Royo, Joaquin Miguel"]
[Black "Bromberger, Stefan"]
[Result "1/2-1/2"]
[WhiteElo "2379"]
[BlackElo "2500"]
[PlyCount "20"]
[EventDate "2007.08.24"]
[EventType "swiss"]
[EventRounds "10"]
[EventCountry "ESP"]
[Source "lmi"]
[SourceDate "2007.08.24"]

1. e4 c5 2. Nf3 d6 3. d4 cxd4 4. Nxd4 Nf6 5. Nc3 a6 6. Bg5 e6 7. f4 Nbd7 8. Qf3
Qc7 9. O-O-O b5 10. e5 Bb7 1/2-1/2

[Event "9.Open Internacional de Sants"]
[Site "Barcelona ESP"]
[Date "2007.08.28"]
[Round "5.10"]
[White "Coll Ortega, Jordi"]
[Black "Lapshun, Yury"]
[Result "0-1"]
[WhiteElo "2105"]
[BlackElo "2479"]
[PlyCount "58"]
[EventDate "2007.08.24"]
[EventType "swiss"]
[EventRounds "10"]
[EventCountry "ESP"]
[Source "lmi"]
[SourceDate "2007.08.24"]

1. c4 e5 2. g3 Nf6 3. Bg2 d5 4. cxd5 Nxd5 5. Nf3 Nc6 6. O-O Be7 7. d4 e4 8. Ne5
f5 9. Nxc6 bxc6 10. Nc3 O-O 11. f3 exf3 12. Bxf3 Be6 13. Re1 Bb4 14. Qd3 Qf6
15. Bd2 Nb6 16. Nd5 Nxd5 17. Bxd5 Bxd5 18. Bxb4 Rfe8 19. e3 Re4 20. Bc5 Rae8
21. Bb4 h5 22. Bd2 h4 23. Kf2 Qh6 24. Rf1 c5 25. Rg1 cxd4 26. exd4 hxg3+ 27.
hxg3 f4 28. g4 Qh2+ 29. Kf1 Rxd4 0-1

[Event "9.Open Internacional de Sants"]
[Site "Barcelona ESP"]
[Date "2007.08.28"]
[Round "5.11"]
[White "Eisenbeiser, Amadeus"]
[Black "Salgado Lopez, Ivan"]
[Result "0-1"]
[WhiteElo "2367"]
[BlackElo "2456"]
[PlyCount "70"]
[EventDate "2007.08.24"]
[EventType "swiss"]
[EventRounds "10"]
[EventCountry "ESP"]
[Source "lmi"]
[SourceDate "2007.08.24"]

1. e4 e6 2. d4 d5 3. Nd2 dxe4 4. Nxe4 Bd7 5. Nf3 Bc6 6. Bd3 Nd7 7. Qe2 Ngf6 8.
Bg5 Bxe4 9. Bxe4 c6 10. c3 Bd6 11. O-O Qc7 12. Bc2 O-O 13. Rfe1 Rfe8 14. Ne5
Bf8 15. Rad1 g6 16. h4 Bg7 17. Bf4 Nxe5 18. Bxe5 Qd8 19. Rd3 Qe7 20. Rh3 Rad8
21. h5 Nxh5 22. Rxh5 gxh5 23. Qxh5 h6 24. Bxg7 Kxg7 25. Re3 Rd5 26. Qh2 c5 27.
Be4 cxd4 28. cxd4 Rc8 29. f4 Rc1+ 30. Kf2 Qb4 31. Rg3+ Kf8 32. Qxh6+ Ke7 33.
Qh4+ Kd7 34. Bxd5 Qxb2+ 35. Kf3 Rf1+ 0-1

[Event "9.Open Internacional de Sants"]
[Site "Barcelona ESP"]
[Date "2007.08.28"]
[Round "5.12"]
[White "Gonzalez, Renier"]
[Black "Vilela De Acuña, Jose Luis"]
[Result "1/2-1/2"]
[WhiteElo "2456"]
[BlackElo "2346"]
[PlyCount "48"]
[EventDate "2007.08.24"]
[EventType "swiss"]
[EventRounds "10"]
[EventCountry "ESP"]
[Source "lmi"]
[SourceDate "2007.08.24"]

1. e4 c6 2. d4 d5 3. e5 Bf5 4. c3 e6 5. Bd3 Qb6 6. Qb3 Nd7 7. Nd2 f6 8. f4 g5
9. Ndf3 gxf4 10. Bxf4 Bh6 11. Bxh6 Nxh6 12. exf6 Nxf6 13. Be2 Rg8 14. Qxb6 axb6
15. Nh4 Bc2 16. Rc1 Nf5 17. Rxc2 Nxh4 18. g3 Nf5 19. a3 Kd7 20. Bd3 Ne3 21. Rc1
b5 22. Ke2 Nc4 23. Bxc4 bxc4 24. Rf1 Raf8 1/2-1/2

[Event "9.Open Internacional de Sants"]
[Site "Barcelona ESP"]
[Date "2007.08.28"]
[Round "5.13"]
[White "Shengelia, Davit"]
[Black "Mihailovs, Jurijs"]
[Result "1-0"]
[WhiteElo "2572"]
[BlackElo "2317"]
[PlyCount "53"]
[EventDate "2007.08.24"]
[EventType "swiss"]
[EventRounds "10"]
[EventCountry "ESP"]
[Source "lmi"]
[SourceDate "2007.08.24"]

1. d4 Nf6 2. g3 e6 3. c4 Ne4 4. Bg2 d5 5. Nf3 Bb4+ 6. Nbd2 O-O 7. O-O Nxd2 8.
Bxd2 Bxd2 9. Qxd2 c6 10. Rfc1 Nd7 11. e3 Qe7 12. cxd5 exd5 13. b4 Nf6 14. a4
Ne4 15. Qb2 Nd6 16. b5 cxb5 17. axb5 Nc4 18. Qb3 Be6 19. Ne1 a5 20. bxa6 bxa6
21. Nd3 Rfb8 22. Rxa6 Rxb3 23. Rxa8+ Qf8 24. Rxf8+ Kxf8 25. Nf4 Nb6 26. Nxe6+
fxe6 27. Bh3 1-0

[Event "9.Open Internacional de Sants"]
[Site "Barcelona ESP"]
[Date "2007.08.28"]
[Round "5.14"]
[White "Gonzalez Garcia, Jose"]
[Black "Arias Boo, Guillermo"]
[Result "1-0"]
[WhiteElo "2540"]
[BlackElo "2299"]
[PlyCount "113"]
[EventDate "2007.08.24"]
[EventType "swiss"]
[EventRounds "10"]
[EventCountry "ESP"]
[Source "lmi"]
[SourceDate "2007.08.24"]

1. d4 d5 2. c4 e5 3. dxe5 d4 4. Nf3 Nc6 5. a3 Nge7 6. b4 Ng6 7. Bb2 a5 8. b5
Ncxe5 9. Nxe5 Nxe5 10. e3 Be6 11. Bxd4 Nxc4 12. Qc2 Nd6 13. Bd3 Qg5 14. O-O
Nxb5 15. Bxb5+ Qxb5 16. Qxc7 Rc8 17. Qg3 Qd3 18. Nc3 Qg6 19. Qf3 Bc5 20. Ne2
Bd6 21. Qxb7 O-O 22. Ng3 h5 23. f4 Bc4 24. Rfc1 h4 25. Nf1 Rc7 26. Qf3 Bd3 27.
Rxc7 Bxc7 28. Nd2 Bf5 29. Rc1 Bd8 30. Rc6 Qg4 31. h3 Qxf3 32. Nxf3 Be4 33. Rc8
Be7 34. Rc3 Bxf3 35. gxf3 a4 36. Rc7 Bxa3 37. Ra7 Rc8 38. Rxa4 Rc1+ 39. Kg2
Rc2+ 40. Kf1 Rc1+ 41. Ke2 Bd6 42. Ra8+ Kh7 43. Ra7 Kg8 44. Ra8+ Kh7 45. Ra5 Kg8
46. Rg5 Bf8 47. f5 Rc2+ 48. Kd3 Rh2 49. Bxg7 Bxg7 50. f6 Rxh3 51. Rxg7+ Kf8 52.
Ke4 Rh2 53. Kf5 h3 54. Rh7 Kg8 55. Rh4 Re2 56. e4 h2 57. f4 1-0

[Event "9.Open Internacional de Sants"]
[Site "Barcelona ESP"]
[Date "2007.08.28"]
[Round "5.15"]
[White "Gabrielsen, Trond"]
[Black "Cuartas, Jaime Alexander"]
[Result "0-1"]
[WhiteElo "2283"]
[BlackElo "2504"]
[PlyCount "120"]
[EventDate "2007.08.24"]
[EventType "swiss"]
[EventRounds "10"]
[EventCountry "ESP"]
[Source "lmi"]
[SourceDate "2007.08.24"]

1. e4 c6 2. c4 e5 3. Nf3 Nf6 4. Nc3 Bb4 5. Nxe5 Qe7 6. Nd3 Nxe4 7. Qe2 Nxc3 8.
dxc3 Qxe2+ 9. Bxe2 Be7 10. Bf4 d6 11. O-O-O O-O 12. Nb4 a5 13. Nc2 Rd8 14. Rd2
Be6 15. Rhd1 Na6 16. Bxd6 Bg5 17. Ne3 Bxe3 18. fxe3 Nb8 19. Rd4 Re8 20. Bc7 a4
21. Bb6 Na6 22. h3 Kf8 23. b3 axb3 24. axb3 Rac8 25. Bf3 Nc7 26. Kb2 Na8 27.
Bc5+ Kg8 28. Rd6 Nc7 29. Bb6 Na6 30. Ra1 Ra8 31. Be2 Rac8 32. Bf3 Ra8 33. Rad1
Rac8 34. c5 Kf8 35. e4 Ra8 36. Ra1 Rec8 37. c4 Nb4 38. Ba5 Na6 39. Bb6 Nb4 40.
Rdd1 Ke8 41. Kc3 Na2+ 42. Kb2 Nb4 43. Be2 Ke7 44. Rf1 Ke8 45. Ba5 Na6 46. b4
Nb8 47. Rf3 Nd7 48. Rg3 g6 49. Rga3 Ra6 50. Bb6 Rca8 51. Rxa6 Rxa6 52. Rxa6
bxa6 53. Kc3 Nf6 54. Kd4 Kd7 55. b5 axb5 56. cxb5 Nh5 57. Ba5 Nf4 58. Bf1 Ba2
59. Bb4 Ne6+ 60. Ke5 Ke7 0-1

[Event "9.Open Internacional de Sants"]
[Site "Barcelona ESP"]
[Date "2007.08.28"]
[Round "5.16"]
[White "Almeida Quintana, Omar"]
[Black "Guramishvili, Sopiko"]
[Result "1/2-1/2"]
[WhiteElo "2501"]
[BlackElo "2273"]
[PlyCount "160"]
[EventDate "2007.08.24"]
[EventType "swiss"]
[EventRounds "10"]
[EventCountry "ESP"]
[Source "lmi"]
[SourceDate "2007.08.24"]

1. d4 Nf6 2. c4 g6 3. Nc3 Bg7 4. e4 d6 5. h3 O-O 6. Nf3 Nbd7 7. Bg5 e5 8. d5 a5
9. g4 Nc5 10. Nd2 c6 11. Be3 Bd7 12. Be2 a4 13. Rc1 Qa5 14. f3 Rfc8 15. O-O
cxd5 16. cxd5 b5 17. a3 Rab8 18. Na2 Ne8 19. Kg2 Bf6 20. Qe1 Qd8 21. Nb4 Bh4
22. Qd1 Qe7 23. Rc3 Bg5 24. Bf2 Ng7 25. Qc2 h5 26. Rd1 Bf4 27. Nf1 f5 28. Nc6
Bxc6 29. dxc6 hxg4 30. hxg4 fxg4 31. fxg4 Nge6 32. Ne3 Bxe3 33. Bxe3 g5 34. Rh1
Rxc6 35. Qd1 Kg7 36. Bc1 Rcc8 37. Rch3 Rh8 38. Rh5 Rbf8 39. Be3 Nxe4 40. Bf3
Nf6 41. Rxh8 Rxh8 42. Rxh8 Kxh8 43. Bc6 Kg7 44. Kg1 Nf4 45. Bxb5 Qb7 46. Bf1
Qc6 47. Bf2 Qd7 48. b4 axb3 49. Qxb3 Qxg4+ 50. Kh1 e4 51. Bd4 Qh5+ 52. Kg1 Qg4+
53. Kh1 Kg6 54. a4 Qh5+ 55. Kg1 Qg4+ 56. Kh1 Qh5+ 57. Kg1 Ne2+ 58. Bxe2 Qxe2
59. Bf2 Qg4+ 60. Kf1 Qf5 61. Kg1 Nd5 62. a5 Qe5 63. a6 e3 64. Qd3+ Kh6 65. Be1
Nf4 66. Qb3 Qd4 67. Kh2 Qe4 68. Qb2 e2 69. Qh8+ Kg6 70. Qg8+ Kh5 71. Qf7+ Kg4
72. Qd7+ Qe6 73. Qxe6+ Nxe6 74. a7 Nc7 75. Kg2 Na8 76. Kf2 Kf4 77. Bd2+ Kf5 78.
Kxe2 g4 79. Bb4 d5 80. Ke3 Ke5 1/2-1/2

[Event "9.Open Internacional de Sants"]
[Site "Barcelona ESP"]
[Date "2007.08.28"]
[Round "5.17"]
[White "White, Michael J R"]
[Black "Fluvia Poyatos, Jordi"]
[Result "1-0"]
[WhiteElo "2246"]
[BlackElo "2495"]
[PlyCount "53"]
[EventDate "2007.08.24"]
[EventType "swiss"]
[EventRounds "10"]
[EventCountry "ESP"]
[Source "lmi"]
[SourceDate "2007.08.24"]

1. e4 d6 2. d4 Nf6 3. Nc3 g6 4. f4 Bg7 5. e5 Nfd7 6. Nf3 c5 7. Be3 O-O 8. exd6
exd6 9. Qd2 Na6 10. O-O-O Qa5 11. g4 Nf6 12. h3 b5 13. Bxb5 Nb4 14. Bc4 d5 15.
Nxd5 Ne4 16. Qe1 Ba6 17. Bb3 Rab8 18. Nxb4 Rxb4 19. dxc5 Rfb8 20. Bd4 Nxc5 21.
Bxc5 Qxc5 22. Ne5 Bb5 23. Bxf7+ Kh8 24. Nxg6+ hxg6 25. Qh4+ Qh5 26. gxh5 Bxb2+
27. Kd2 1-0

[Event "9.Open Internacional de Sants"]
[Site "Barcelona ESP"]
[Date "2007.08.28"]
[Round "5.19"]
[White "Karlsson, Lars"]
[Black "Shaw, David A"]
[Result "1-0"]
[WhiteElo "2493"]
[BlackElo "2219"]
[PlyCount "65"]
[EventDate "2007.08.24"]
[EventType "swiss"]
[EventRounds "10"]
[EventCountry "ESP"]
[Source "lmi"]
[SourceDate "2007.08.24"]

1. b3 d5 2. Bb2 Nf6 3. e3 e6 4. f4 Be7 5. Nf3 O-O 6. Nc3 c5 7. Ne2 Nc6 8. Ng3
a6 9. Bd3 Nd7 10. c4 Bf6 11. Qc1 Bxb2 12. Qxb2 Nf6 13. O-O b6 14. Ne5 Bb7 15.
cxd5 Nxe5 16. fxe5 Qxd5 17. Rf2 Qxd3 18. exf6 g6 19. Qe5 Rfc8 20. Qf4 Qd8 21.
h4 Rc7 22. h5 Rd7 23. hxg6 hxg6 24. e4 Qf8 25. Re1 Kh7 26. Nf5 exf5 27. Re3 Qh6
28. Rh3 Qxh3 29. gxh3 Rh8 30. exf5 Rd4 31. Qc7 Bd5 32. fxg6+ Kxg6 33. Qg3+ 1-0

[Event "9.Open Internacional de Sants"]
[Site "Barcelona ESP"]
[Date "2007.08.29"]
[Round "6.1"]
[White "Pinter, Jozsef"]
[Black "Sulskis, Sarunas"]
[Result "1/2-1/2"]
[WhiteElo "2535"]
[BlackElo "2537"]
[PlyCount "22"]
[EventDate "2007.08.24"]
[EventType "swiss"]
[EventRounds "10"]
[EventCountry "ESP"]
[Source "lmi"]
[SourceDate "2007.08.24"]

1. d4 Nf6 2. c4 e6 3. Nf3 c6 4. g3 Be7 5. Bg2 b6 6. Nbd2 Ba6 7. b3 Ne4 8. Bb2
d5 9. O-O f5 10. Rc1 Nd7 11. Ne1 O-O 1/2-1/2

[Event "9.Open Internacional de Sants"]
[Site "Barcelona ESP"]
[Date "2007.08.29"]
[Round "6.2"]
[White "Sulashvili, Malkhaz"]
[Black "Nijboer, Friso"]
[Result "0-1"]
[WhiteElo "2437"]
[BlackElo "2568"]
[PlyCount "50"]
[EventDate "2007.08.24"]
[EventType "swiss"]
[EventRounds "10"]
[EventCountry "ESP"]
[Source "lmi"]
[SourceDate "2007.08.24"]

1. e4 c5 2. b3 Nc6 3. Bb2 d6 4. Bb5 Nf6 5. d3 g6 6. Bxc6+ bxc6 7. f4 Bg7 8. Nf3
O-O 9. O-O a5 10. c4 a4 11. bxa4 Re8 12. Bc3 d5 13. Qc2 d4 14. Be1 Nxe4 15. Ne5
Nd6 16. Bf2 f6 17. Nf3 Bh6 18. g3 Bg4 19. Nfd2 e5 20. fxe5 fxe5 21. Re1 e4 22.
dxe4 Nf7 23. Nb3 Ne5 24. N1d2 Rf8 25. Kg2 Bh3+ 0-1

[Event "9.Open Internacional de Sants"]
[Site "Barcelona ESP"]
[Date "2007.08.29"]
[Round "6.3"]
[White "Lapshun, Yury"]
[Black "Vila Gazquez, Javier"]
[Result "1-0"]
[WhiteElo "2479"]
[BlackElo "2429"]
[PlyCount "65"]
[EventDate "2007.08.24"]
[EventType "swiss"]
[EventRounds "10"]
[EventCountry "ESP"]
[Source "lmi"]
[SourceDate "2007.08.24"]

1. b4 e5 2. Bb2 d6 3. c4 f5 4. e3 Nf6 5. Nf3 Be7 6. Nc3 O-O 7. d4 e4 8. Nd2 c6
9. d5 cxd5 10. Nxd5 Nxd5 11. cxd5 Bf6 12. Qb3 a5 13. Be2 axb4 14. O-O Nd7 15.
Bxf6 Rxf6 16. Qxb4 Rh6 17. g3 Nf6 18. Rfc1 Qd7 19. Qb6 f4 20. exf4 e3 21. fxe3
Qe8 22. Qd4 Bf5 23. Rc7 Ra4 24. Rc4 Ra3 25. e4 Bd7 26. Bf3 Ng4 27. Bxg4 Bxg4
28. Rc3 Qh5 29. Nf1 Ra8 30. Rc7 Rg6 31. f5 Rg5 32. Rac1 Re8 33. Rc8 1-0

[Event "9.Open Internacional de Sants"]
[Site "Barcelona ESP"]
[Date "2007.08.29"]
[Round "6.4"]
[White "Feller, Sebastien"]
[Black "Panelo, Marcelo"]
[Result "1-0"]
[WhiteElo "2478"]
[BlackElo "2382"]
[PlyCount "91"]
[EventDate "2007.08.24"]
[EventType "swiss"]
[EventRounds "10"]
[EventCountry "ESP"]
[Source "lmi"]
[SourceDate "2007.08.24"]

1. d4 Nf6 2. c4 e6 3. g3 Bb4+ 4. Bd2 Qe7 5. Nf3 Nc6 6. Nc3 O-O 7. Bg2 Bxc3 8.
Bxc3 Ne4 9. Rc1 d6 10. d5 Nxc3 11. Rxc3 Nd8 12. Nd2 e5 13. c5 f5 14. cxd6 cxd6
15. Qc2 Nf7 16. O-O Bd7 17. Qb3 b6 18. Rfc1 Rfc8 19. Rxc8+ Rxc8 20. Rxc8+ Bxc8
21. Qc4 Qb7 22. e4 fxe4 23. Bxe4 Bd7 24. h4 g6 25. a4 Kf8 26. h5 gxh5 27. Bxh7
b5 28. axb5 Bxb5 29. Qb3 a6 30. Bg6 Qc8 31. Qf3 Be8 32. Ne4 Qg4 33. Qf6 h4 34.
Bxf7 Qd1+ 35. Kg2 Bxf7 36. Qxd6+ Kg8 37. Qd8+ Kg7 38. Qg5+ Kf8 39. Qh6+ Ke8 40.
Qh8+ Kd7 41. Nc5+ Kc7 42. Qxe5+ Kb6 43. Qd6+ Kb5 44. Qc6+ Kb4 45. Nxa6+ Ka5 46.
b4# 1-0

[Event "9.Open Internacional de Sants"]
[Site "Barcelona ESP"]
[Date "2007.08.29"]
[Round "6.5"]
[White "Salgado Lopez, Ivan"]
[Black "Alsina Leal, Daniel"]
[Result "1/2-1/2"]
[WhiteElo "2456"]
[BlackElo "2416"]
[PlyCount "63"]
[EventDate "2007.08.24"]
[EventType "swiss"]
[EventRounds "10"]
[EventCountry "ESP"]
[Source "lmi"]
[SourceDate "2007.08.24"]

1. e4 c5 2. Nf3 Nc6 3. d4 cxd4 4. Nxd4 Nf6 5. Nc3 e5 6. Ndb5 d6 7. Bg5 a6 8.
Na3 b5 9. Nd5 Be7 10. Bxf6 Bxf6 11. c4 b4 12. Nc2 Rb8 13. Be2 O-O 14. O-O Bg5
15. Qd3 Be6 16. Rfd1 Kh8 17. b3 a5 18. Bf3 g6 19. Qe2 Qc8 20. Nde3 Qc7 21. Kh1
Nd8 22. Bg4 Nb7 23. Bxe6 fxe6 24. f3 Nc5 25. Ng4 Rb6 26. Nf2 a4 27. Rab1 axb3
28. axb3 Ra8 29. Rb2 Ra5 30. Nd3 Nxd3 31. Qxd3 Qc5 32. Qe2 1/2-1/2

[Event "9.Open Internacional de Sants"]
[Site "Barcelona ESP"]
[Date "2007.08.29"]
[Round "6.6"]
[White "Vydeslaver, Alik"]
[Black "Shengelia, Davit"]
[Result "0-1"]
[WhiteElo "2404"]
[BlackElo "2572"]
[PlyCount "58"]
[EventDate "2007.08.24"]
[EventType "swiss"]
[EventRounds "10"]
[EventCountry "ESP"]
[Source "lmi"]
[SourceDate "2007.08.24"]

1. e4 c6 2. d4 d5 3. Nd2 dxe4 4. Nxe4 Bf5 5. Ng3 Bg6 6. Nh3 e6 7. Nf4 Bd6 8.
Ngh5 Kf8 9. c3 Nd7 10. Qf3 Ngf6 11. Nxf6 Qxf6 12. Be2 Bc2 13. Qg4 Bf5 14. Qf3
Re8 15. Nh5 Qg6 16. Ng3 Bc2 17. Qg4 Qxg4 18. Bxg4 Nf6 19. Bd1 Bxd1 20. Kxd1 h5
21. f3 h4 22. Ne2 e5 23. h3 exd4 24. Nxd4 c5 25. Nf5 Bc7 26. Re1 Rd8+ 27. Kc2
Nh5 28. Ne3 Re8 29. Bd2 Bg3 0-1

[Event "9.Open Internacional de Sants"]
[Site "Barcelona ESP"]
[Date "2007.08.29"]
[Round "6.7"]
[White "Peek, Marcel"]
[Black "Moskalenko, Viktor"]
[Result "0-1"]
[WhiteElo "2388"]
[BlackElo "2560"]
[PlyCount "80"]
[EventDate "2007.08.24"]
[EventType "swiss"]
[EventRounds "10"]
[EventCountry "ESP"]
[Source "lmi"]
[SourceDate "2007.08.24"]

1. d4 f5 2. c4 Nf6 3. Nf3 e6 4. Qc2 Be7 5. Nc3 O-O 6. Bf4 Nh5 7. Bd2 d5 8. cxd5
exd5 9. e3 c6 10. Bd3 g6 11. O-O-O Nf6 12. Kb1 Ne4 13. Be1 Be6 14. Ne2 Nd7 15.
Nf4 Bf7 16. h4 Bd6 17. Qe2 Re8 18. Bxe4 fxe4 19. Ng5 Qf6 20. Nxf7 Qxf7 21. h5
g5 22. Qg4 h6 23. Ng6 Nf8 24. Nxf8 Rxf8 25. Rc1 Qf5 26. Qe2 Rf7 27. g4 Qe6 28.
Rg1 Raf8 29. Rc2 Rf3 30. Rc1 Rh3 31. Rg2 Qf6 32. Bd2 Qf3 33. Qf1 Rh2 34. Rxh2
Bxh2 35. Bb4 Rf7 36. Qe1 Qxg4 37. Qc3 Rxf2 38. Qc5 Qe2 39. Ba3 Rf1 40. b3 Rf2
0-1

[Event "9.Open Internacional de Sants"]
[Site "Barcelona ESP"]
[Date "2007.08.29"]
[Round "6.8"]
[White "Degtiarev, Evgeny"]
[Black "Gonzalez Garcia, Jose"]
[Result "1/2-1/2"]
[WhiteElo "2385"]
[BlackElo "2540"]
[PlyCount "32"]
[EventDate "2007.08.24"]
[EventType "swiss"]
[EventRounds "10"]
[EventCountry "ESP"]
[Source "lmi"]
[SourceDate "2007.08.24"]

1. d4 d5 2. Nf3 Nf6 3. c4 dxc4 4. e3 e6 5. Bxc4 c5 6. O-O a6 7. Bb3 cxd4 8.
exd4 Nc6 9. Nc3 Be7 10. Bg5 O-O 11. Qd2 b5 12. d5 Nxd5 13. Nxd5 exd5 14. Bxd5
Bb7 15. Rac1 Bxg5 16. Qxg5 Na5 1/2-1/2

[Event "9.Open Internacional de Sants"]
[Site "Barcelona ESP"]
[Date "2007.08.29"]
[Round "6.9"]
[White "Marin, Mihail"]
[Black "Antoli Royo, Joaquin Miguel"]
[Result "1/2-1/2"]
[WhiteElo "2533"]
[BlackElo "2379"]
[PlyCount "74"]
[EventDate "2007.08.24"]
[EventType "swiss"]
[EventRounds "10"]
[EventCountry "ESP"]
[Source "lmi"]
[SourceDate "2007.08.24"]

1. c4 e5 2. g3 d6 3. Nc3 f5 4. d4 Be7 5. e3 Nf6 6. Nge2 O-O 7. Bg2 Qe8 8. b3 c6
9. Ba3 a5 10. d5 Ra7 11. dxc6 bxc6 12. Bxd6 Rd7 13. c5 Bxd6 14. cxd6 Qd8 15.
O-O Rxd6 16. Qc1 Rf7 17. Rd1 Rfd7 18. Rxd6 Rxd6 19. Qc2 Na6 20. a3 Be6 21. Rd1
Rxd1+ 22. Nxd1 Qb6 23. Nc1 Nc5 24. Bf1 Kf8 25. Nb2 Nxb3 26. Na4 Qb7 27. Nc5
Nxc5 28. Qxc5+ Qe7 29. Qxe5 Qxa3 30. Qxe6 Qxc1 31. Qxf5 a4 32. Kg2 a3 33. Qe6
Nd5 34. Qd6+ Kf7 35. Qd7+ Kf8 36. Qd6+ Kf7 37. Qd7+ Kf8 1/2-1/2

[Event "9.Open Internacional de Sants"]
[Site "Barcelona ESP"]
[Date "2007.08.29"]
[Round "6.10"]
[White "Cuartas, Jaime Alexander"]
[Black "Saravanan, Venkatachalam"]
[Result "1-0"]
[WhiteElo "2504"]
[BlackElo "2355"]
[PlyCount "67"]
[EventDate "2007.08.24"]
[EventType "swiss"]
[EventRounds "10"]
[EventCountry "ESP"]
[Source "lmi"]
[SourceDate "2007.08.24"]

1. e4 g6 2. d4 Bg7 3. Nf3 d6 4. Nc3 a6 5. a4 b6 6. Bc4 e6 7. O-O Ne7 8. Re1 O-O
9. Bf4 h6 10. Qe2 Nd7 11. Rad1 Bb7 12. h3 g5 13. Bg3 Ng6 14. e5 Bxf3 15. Qxf3
d5 16. Bd3 c5 17. Nxd5 cxd4 18. Nb4 Nc5 19. Bxg6 fxg6 20. Qg4 h5 21. Qxd4 Nxa4
22. Qc4 Qe8 23. Rd6 b5 24. Qxe6+ Qxe6 25. Rxe6 Kf7 26. Rxa6 Rxa6 27. Nxa6 Nxb2
28. Nc7 Ke7 29. h4 Rc8 30. e6 Rd8 31. Nxb5 Nc4 32. hxg5 Rd5 33. Nc7 Rc5 34. Rd1
1-0

[Event "9.Open Internacional de Sants"]
[Site "Barcelona ESP"]
[Date "2007.08.29"]
[Round "6.12"]
[White "Hernando Rodrigo, Julio Antonio"]
[Black "Karlsson, Lars"]
[Result "0-1"]
[WhiteElo "2361"]
[BlackElo "2493"]
[PlyCount "29"]
[EventDate "2007.08.24"]
[EventType "swiss"]
[EventRounds "10"]
[EventCountry "ESP"]
[Source "lmi"]
[SourceDate "2007.08.24"]

1. d4 e6 2. Nf3 f5 3. g3 Nf6 4. Bg2 d5 5. O-O Bd6 6. c4 O-O 7. b3 b6 8. Ba3 Qe7
9. Qc1 Nbd7 10. Ne5 Bb7 11. cxd5 Nxd5 12. Nc4 N7f6 13. Re1 f4 14. gxf4 Nxf4 15.
Ne5 0-1

[Event "9.Open Internacional de Sants"]
[Site "Barcelona ESP"]
[Date "2007.08.29"]
[Round "6.14"]
[White "Libiszewski, Fabien"]
[Black "Oms Fuentes, Lluis"]
[Result "0-1"]
[WhiteElo "2462"]
[BlackElo "2336"]
[PlyCount "50"]
[EventDate "2007.08.24"]
[EventType "swiss"]
[EventRounds "10"]
[EventCountry "ESP"]
[Source "lmi"]
[SourceDate "2007.08.24"]

1. e4 c5 2. Nf3 Nc6 3. Nc3 Nf6 4. Bb5 g6 5. e5 Ng4 6. Bxc6 dxc6 7. h3 Nh6 8. g4
Bg7 9. d3 f5 10. g5 Nf7 11. Qe2 Be6 12. Bf4 Qa5 13. O-O-O O-O-O 14. a3 b5 15.
Rhe1 Rd7 16. d4 b4 17. d5 bxc3 18. dxe6 Rb7 19. exf7 cxb2+ 20. Kb1 Qxa3 21. c3
Qa1+ 22. Kc2 Qa4+ 23. Kb1 Qa1+ 24. Kc2 Qa2 25. Kd3 Qd5+ 0-1